000 00770nam a2200217Ia 4500
001 9304
003 GE_BSU
008 181216s||||||||xx |||||||||||||| ||und||
040 _cGE_BSU
080 _a821.353.1-32+821.353.1-343+821.353.1-34
100 _aლორთქიფანიძე,ნიკო
245 _aმოთხრობები,ლეგენდები,ზღაპრები
245 _cრედ:ბ.ჟღენტი;მხატვ:გ.ნადირაძე
260 _aთბილისი.
260 _bსაბლიტგამი
260 _c1958.
300 _a408გვ;21სმ.
300 _bილ.
653 _aმოთხრობები,ლეგენდები,ზღაპრები
942 _cBK
999 _c42601
_d42601